03250cam a22010934i 4500003000900000005001700009008004100026020001500067035002700082040003300109082002200142245005600164264004900220300003800269336002100307337002500328338002300353504002800376505106700404526000901471526000901480526000901489526000901498526000901507526000901516526000901525526000901534526000901543526000901552526000901561526000901570526000901579526000901588526000901597526000901606526000901615526000901624526000901633526000901642526000901651526000901660526000901669526000901678526000901687526000901696526000901705526000901714526000901723526000901732526000901741526000901750526000901759526000901768526000901777526000901786526000901795526000801804526000801812526000801820526000801828526000801836526000801844526000801852526000801860526000801868526000801876526000801884526000801892526000801900526000801908526000801916526000801924526000801932526000801940526000801948526000801956526000801964526000801972526000801980526000801988526000801996526000802004526000802012526000802020526000802028526000802036526000802044526000802052526000802060526000802068526000802076651004102084700003102125PE-LiUPU20250813185442.0150623s r 000 0 d a0024247901 a(Sirsi) i9780024247902 aPE-LiUPUbspacPE-LiUPUerda04a306.0973bT8522100aToday's Moral Problems /cRichard Wasserstrom, ed,. 1aNew York, NY :bMacmillan Publishing,c1975. a498 páginas ;c23 centímetros atext2rdacontent aunmediated2rdamedia avolume2rdacarrier aIncluye bibliografía.0 aPrivacy: Privacy, freedom, and respect for persons. A rational context. Legal paternalism. Abortion: Abortion: ethical arguments. A defense of abortion. On the moral and legal status of abortion. Racism and sexism: Servility and self-respect. "Pricks" and "Chicks": a plea for "persons". Self-determination and autonomy. Visceral racism. Reverse discrimination as unjustified. The morality of reparation. Sexual morality: The human venture in sex, love and marriage. From humanae vitae. Is adultery immoral?. The morality of homosecual behavior. Punishment: Prolegomenon to the principles of punishment. The problem of the mentally abnormal offender. Persons and punishment. Marxism and retribution. The obligation to obey the law: The justification of civil disobedience. The obligation to Obey the law. Is there a prima facie obligation to obey the law?. Violence nonviolence, nonviolence and war: What violence is. The enduring appeals of battle. Pacifism: a philosophical analysis. a defense of pacifism. Utilitarianism and the rules of war. The laws of war. aP202 aP201 aP163 aP162 aP161 aP160 aP148 aP147 aP146 aP145 aP144 aP143 aP142 aP141 aP140 aP139 aP138 aP137 aP136 aP135 aP134 aP133 aP129 aP128 aP127 aP120 aP119 aP118 aP116 aP115 aP114 aP110 aP109 aP108 aP104 aP103 aP102 aP99 aP98 aP97 aP96 aP95 aP93 aP90 aP89 aP88 aP83 aP82 aP62 aP59 aP58 aP57 aP51 aP49 aP48 aP47 aP29 aP24 aP20 aP19 aP17 aP15 aP14 aP12 aP10 aP09 aP08 aP07 aP06 aP05 aP04 aP01 aEstados UnidosxCondiciones morales.1 aWasserstrom, Richard,eed.